LA stock transfers: 2001-2002: special report (Record no. 70400)

MARC details
000 -LEADER
fixed length control field 01054cam a2200229 4500
001 - CONTROL NUMBER
control field ABS65523
008 - FIXED-LENGTH DATA ELEMENTS--GENERAL INFORMATION
fixed length control field 020530n2002 000 0 eng u
035 ## - SYSTEM CONTROL NUMBER
System control number (Sirsi) u118236
245 ## - TITLE STATEMENT
Title LA stock transfers: 2001-2002: special report
260 ## - PUBLICATION, DISTRIBUTION, ETC.
Date of publication, distribution, etc. 2002
490 ## - SERIES STATEMENT
Series statement Social Housing
Volume/sequential designation 14(5) May 2002, 5-13(7)
520 ## - SUMMARY, ETC.
Summary, etc. A series of articles looking at different aspects of the transfer of council housing to the private sector. The current LSVT round has seen the total number of transfers rise to 620 000 properties. Looks at LA capital receipts and RSL loan facilities; funders' league table; consultants/directors and the Social Housing LSVT database, containing information on the large scale voluntary transfers (LSVT) carried out since 1988. Tables.
590 ## - LOCAL NOTE (RLIN)
Local note ABS
650 ## - SUBJECT ADDED ENTRY--TOPICAL TERM
Topical term or geographic name entry element COUNCIL HOUSING
650 ## - SUBJECT ADDED ENTRY--TOPICAL TERM
Topical term or geographic name entry element LOCAL AUTHORITIES
650 ## - SUBJECT ADDED ENTRY--TOPICAL TERM
Topical term or geographic name entry element LARGE SCALE VOLUNTARY TRANSFERS
650 ## - SUBJECT ADDED ENTRY--TOPICAL TERM
Topical term or geographic name entry element STOCK TRANSFERS
650 ## - SUBJECT ADDED ENTRY--TOPICAL TERM
Topical term or geographic name entry element REGISTERED SOCIAL LANDLORDS
650 ## - SUBJECT ADDED ENTRY--TOPICAL TERM
Topical term or geographic name entry element CAPITAL RECEIPTS
690 ## - LOCAL SUBJECT ADDED ENTRY--TOPICAL TERM (OCLC, RLIN)
Topical term or geographic name as entry element Affordable housing
9 (RLIN) 6215
942 ## - ADDED ENTRY ELEMENTS (KOHA)
Suppress in OPAC 0
Holdings
Withdrawn status Lost status Source of classification or shelving scheme Damaged status Not for loan Home library Current library Shelving location Date acquired Total Checkouts Full call number Barcode Date last seen Copy number Price effective from Koha item type
    Dewey Decimal Classification     London London Journal article 30/05/2002   ABS65523 118236-1001 06/08/2019 1 06/08/2019 Journal article